000 00308nam a22001457a 4500
008 210607b ||||| |||| 00| 0 eng d
020 _a0669417335
041 _aeng
080 _a510
082 _a510
100 _a38
101 _aMAT
245 _aCollege Algebra
_cRoland E. Larson
942 _2udc
_cBK
999 _c57995
_d57995